00750cam a2200229Ia 450000100060000000300060000600500170001200800410002903500100007003500200008004000130010008200160011310000540012924501000018325000160028326000650029930000280036450000280039252000310042065000430045170000260049425716GBCCL20241126110603.0810415s1966 mnub 000 0 eng d a30390 a(OCoLC)07338907 aICWcICW a220.61bMEA1 aMears, Henrietta C.q(Henrietta Cornelia),d1890-10aWhat the Bible is all about :ban easy to understand survey of the Bible /cHenrietta C. Mears. aCrusade ed. aMinneapolis :bBilly Graham Evangelistic Association,c1966. a675 p.;bmaps ,c20 cm. aPreface by Billy Graham aLloyd M. Perry Collection. aBiblexCriticism, Interpretation, etc.12aGraham, Billy,d1918-